<?xml version="1.0" encoding="UTF-8"?>
<record
    xmlns:xsi="http://www.w3.org/2001/XMLSchema-instance"
    xsi:schemaLocation="http://www.loc.gov/MARC21/slim http://www.loc.gov/standards/marcxml/schema/MARC21slim.xsd"
    xmlns="http://www.loc.gov/MARC21/slim">

  <leader>01921cam a2200313 a 4500</leader>
  <controlfield tag="001">4362</controlfield>
  <controlfield tag="003">FISKH</controlfield>
  <controlfield tag="005">20240812121326.0</controlfield>
  <controlfield tag="008">960501s1995    nyua          000 1 eng  </controlfield>
  <datafield tag="010" ind1=" " ind2=" ">
    <subfield code="a">   96143477 </subfield>
  </datafield>
  <datafield tag="020" ind1=" " ind2=" ">
    <subfield code="a">0151002177</subfield>
  </datafield>
  <datafield tag="040" ind1=" " ind2=" ">
    <subfield code="a">DLC</subfield>
    <subfield code="c">DLC</subfield>
    <subfield code="d">DLC</subfield>
    <subfield code="b">eng</subfield>
  </datafield>
  <datafield tag="050" ind1=" " ind2=" ">
    <subfield code="a">PR6029.R8 </subfield>
  </datafield>
  <datafield tag="082" ind1=" " ind2=" ">
    <subfield code="a">823.912 </subfield>
  </datafield>
  <datafield tag="100" ind1="1" ind2=" ">
    <subfield code="a">Orwell, George,</subfield>
    <subfield code="d">1903-1950.</subfield>
  </datafield>
  <datafield tag="245" ind1="1" ind2="0">
    <subfield code="a">Animal farm :</subfield>
    <subfield code="b">a fairy story /</subfield>
    <subfield code="c">George Orwell ; pictures by Ralph Steadman.</subfield>
  </datafield>
  <datafield tag="260" ind1=" " ind2=" ">
    <subfield code="a">Phnom Penh : </subfield>
    <subfield code="b">Footprints International School, </subfield>
    <subfield code="c">2024. </subfield>
  </datafield>
  <datafield tag="300" ind1=" " ind2=" ">
    <subfield code="a">52 pages : </subfield>
    <subfield code="c">21 cm </subfield>
  </datafield>
  <datafield tag="520" ind1=" " ind2=" ">
    <subfield code="a">George Orwell's classic satire of the Russian Revolution has become an intimate part of our contemporary culture, with its treatment of democratic, fascist, and socialist ideals through an animal fable. The animals of Mr. Jones' Manor Farm are overworked, mistreated, and desperately seeking a reprieve. In their quest to create an idyllic society where justice and equality reign, the animals of Manor Farm revolt against their human rulers, establishing the democratic Animal Farm under the credo, "All Animals Are Created Equal." Out of their cleverness, the pigs Napoleon, Squealer, and Snowball emerge as leaders of the new community. In a development of insidious familiarity, the pigs begin to assume ever greater amounts of power, while other animals, especially the faithful horse Boxer, assume more of the work. The climax of the story is the brutal betrayal of Boxer, when totalitarian rule is reestablished with the bloodstained postscript to the founding slogan: "But Some Animals Are More Equal than Others."</subfield>
  </datafield>
  <datafield tag="650" ind1=" " ind2="0">
    <subfield code="a">Domestic animals</subfield>
    <subfield code="x">Fiction.</subfield>
  </datafield>
  <datafield tag="650" ind1=" " ind2="0">
    <subfield code="a">Totalitarianism</subfield>
    <subfield code="x">Fiction.</subfield>
  </datafield>
  <datafield tag="655" ind1=" " ind2="7">
    <subfield code="a">Political fiction.</subfield>
    <subfield code="2">lcsh</subfield>
  </datafield>
  <datafield tag="655" ind1=" " ind2="7">
    <subfield code="a">Satire.</subfield>
    <subfield code="2">lcsh</subfield>
  </datafield>
  <datafield tag="655" ind1=" " ind2="7">
    <subfield code="a">Fables.</subfield>
    <subfield code="2">gsafd</subfield>
  </datafield>
  <datafield tag="700" ind1="1" ind2=" ">
    <subfield code="a">Steadman, Ralph.</subfield>
  </datafield>
  <datafield tag="906" ind1=" " ind2=" ">
    <subfield code="a">7</subfield>
    <subfield code="b">cbc</subfield>
    <subfield code="c">orignew</subfield>
    <subfield code="d">2</subfield>
    <subfield code="e">ncip</subfield>
    <subfield code="f">19</subfield>
    <subfield code="g">y-gencatlg</subfield>
  </datafield>
  <datafield tag="942" ind1=" " ind2=" ">
    <subfield code="2">ddc</subfield>
    <subfield code="c">BK</subfield>
    <subfield code="n">0</subfield>
  </datafield>
  <datafield tag="999" ind1=" " ind2=" ">
    <subfield code="c">4362</subfield>
    <subfield code="d">4362</subfield>
  </datafield>
  <datafield tag="952" ind1=" " ind2=" ">
    <subfield code="0">0</subfield>
    <subfield code="1">0</subfield>
    <subfield code="2">ddc</subfield>
    <subfield code="4">0</subfield>
    <subfield code="7">0</subfield>
    <subfield code="8">FIC</subfield>
    <subfield code="a">001</subfield>
    <subfield code="b">001</subfield>
    <subfield code="c">CSS</subfield>
    <subfield code="d">2024-08-12</subfield>
    <subfield code="l">0</subfield>
    <subfield code="o">ORW 823.912 PR6029.R8 </subfield>
    <subfield code="p">2024-0955</subfield>
    <subfield code="r">2024-08-12 12:13:22</subfield>
    <subfield code="t">1</subfield>
    <subfield code="w">2024-08-12</subfield>
    <subfield code="y">BK</subfield>
  </datafield>
  <datafield tag="952" ind1=" " ind2=" ">
    <subfield code="0">0</subfield>
    <subfield code="1">0</subfield>
    <subfield code="2">ddc</subfield>
    <subfield code="4">0</subfield>
    <subfield code="7">0</subfield>
    <subfield code="8">FIC</subfield>
    <subfield code="a">001</subfield>
    <subfield code="b">001</subfield>
    <subfield code="c">CSS</subfield>
    <subfield code="d">2024-08-12</subfield>
    <subfield code="l">0</subfield>
    <subfield code="o">ORW 823.912 PR6029.R8 </subfield>
    <subfield code="p">2024-1044</subfield>
    <subfield code="r">2024-08-15 10:51:35</subfield>
    <subfield code="t">2</subfield>
    <subfield code="w">2024-08-12</subfield>
    <subfield code="y">BK</subfield>
  </datafield>
  <datafield tag="952" ind1=" " ind2=" ">
    <subfield code="0">0</subfield>
    <subfield code="1">0</subfield>
    <subfield code="2">ddc</subfield>
    <subfield code="4">0</subfield>
    <subfield code="7">0</subfield>
    <subfield code="8">FIC</subfield>
    <subfield code="a">001</subfield>
    <subfield code="b">001</subfield>
    <subfield code="c">CSS</subfield>
    <subfield code="d">2024-08-12</subfield>
    <subfield code="l">0</subfield>
    <subfield code="o">ORW 823.912 PR6029.R8 </subfield>
    <subfield code="p">2024-1045</subfield>
    <subfield code="r">2024-08-15 10:51:43</subfield>
    <subfield code="t">3</subfield>
    <subfield code="w">2024-08-12</subfield>
    <subfield code="y">BK</subfield>
  </datafield>
  <datafield tag="952" ind1=" " ind2=" ">
    <subfield code="0">0</subfield>
    <subfield code="1">0</subfield>
    <subfield code="2">ddc</subfield>
    <subfield code="4">0</subfield>
    <subfield code="7">0</subfield>
    <subfield code="8">FIC</subfield>
    <subfield code="a">001</subfield>
    <subfield code="b">001</subfield>
    <subfield code="c">CSS</subfield>
    <subfield code="d">2024-08-12</subfield>
    <subfield code="l">1</subfield>
    <subfield code="o">ORW 823.912 PR6029.R8 </subfield>
    <subfield code="p">2024-1046</subfield>
    <subfield code="r">2025-06-19 13:18:49</subfield>
    <subfield code="s">2025-05-21</subfield>
    <subfield code="t">4</subfield>
    <subfield code="w">2024-08-12</subfield>
    <subfield code="y">BK</subfield>
  </datafield>
  <datafield tag="952" ind1=" " ind2=" ">
    <subfield code="0">0</subfield>
    <subfield code="1">0</subfield>
    <subfield code="2">ddc</subfield>
    <subfield code="4">0</subfield>
    <subfield code="7">0</subfield>
    <subfield code="8">FIC</subfield>
    <subfield code="a">001</subfield>
    <subfield code="b">001</subfield>
    <subfield code="c">CSS</subfield>
    <subfield code="d">2024-08-12</subfield>
    <subfield code="l">0</subfield>
    <subfield code="o">ORW 823.912 PR6029.R8 </subfield>
    <subfield code="p">2024-1047</subfield>
    <subfield code="r">2024-08-15 10:52:17</subfield>
    <subfield code="t">5</subfield>
    <subfield code="w">2024-08-12</subfield>
    <subfield code="y">BK</subfield>
  </datafield>
  <datafield tag="952" ind1=" " ind2=" ">
    <subfield code="0">0</subfield>
    <subfield code="1">0</subfield>
    <subfield code="2">ddc</subfield>
    <subfield code="4">0</subfield>
    <subfield code="7">0</subfield>
    <subfield code="8">FIC</subfield>
    <subfield code="a">001</subfield>
    <subfield code="b">001</subfield>
    <subfield code="c">CSS</subfield>
    <subfield code="d">2024-08-12</subfield>
    <subfield code="l">0</subfield>
    <subfield code="o">ORW 823.912 PR6029.R8 </subfield>
    <subfield code="p">2024-1048</subfield>
    <subfield code="r">2024-08-15 10:52:25</subfield>
    <subfield code="t">6</subfield>
    <subfield code="w">2024-08-12</subfield>
    <subfield code="y">BK</subfield>
  </datafield>
  <datafield tag="952" ind1=" " ind2=" ">
    <subfield code="0">0</subfield>
    <subfield code="1">0</subfield>
    <subfield code="2">ddc</subfield>
    <subfield code="4">0</subfield>
    <subfield code="7">0</subfield>
    <subfield code="8">FIC</subfield>
    <subfield code="a">001</subfield>
    <subfield code="b">001</subfield>
    <subfield code="c">CSS</subfield>
    <subfield code="d">2024-08-12</subfield>
    <subfield code="l">3</subfield>
    <subfield code="o">ORW 823.912 PR6029.R8 </subfield>
    <subfield code="p">2024-1049</subfield>
    <subfield code="q">2026-04-15</subfield>
    <subfield code="r">2026-04-01 08:14:16</subfield>
    <subfield code="s">2026-04-01</subfield>
    <subfield code="t">7</subfield>
    <subfield code="w">2024-08-12</subfield>
    <subfield code="y">BK</subfield>
  </datafield>
  <datafield tag="952" ind1=" " ind2=" ">
    <subfield code="0">0</subfield>
    <subfield code="1">0</subfield>
    <subfield code="2">ddc</subfield>
    <subfield code="4">0</subfield>
    <subfield code="7">0</subfield>
    <subfield code="8">FIC</subfield>
    <subfield code="a">001</subfield>
    <subfield code="b">001</subfield>
    <subfield code="c">CSS</subfield>
    <subfield code="d">2024-08-12</subfield>
    <subfield code="l">0</subfield>
    <subfield code="o">ORW 823.912 PR6029.R8 </subfield>
    <subfield code="p">2024-1050</subfield>
    <subfield code="r">2024-08-15 10:52:44</subfield>
    <subfield code="t">8</subfield>
    <subfield code="w">2024-08-12</subfield>
    <subfield code="y">BK</subfield>
  </datafield>
  <datafield tag="952" ind1=" " ind2=" ">
    <subfield code="0">0</subfield>
    <subfield code="1">0</subfield>
    <subfield code="2">ddc</subfield>
    <subfield code="4">0</subfield>
    <subfield code="7">0</subfield>
    <subfield code="8">FIC</subfield>
    <subfield code="a">001</subfield>
    <subfield code="b">001</subfield>
    <subfield code="c">CSS</subfield>
    <subfield code="d">2024-08-12</subfield>
    <subfield code="l">0</subfield>
    <subfield code="o">ORW 823.912 PR6029.R8 </subfield>
    <subfield code="p">2024-1051</subfield>
    <subfield code="r">2024-08-15 10:52:55</subfield>
    <subfield code="t">9</subfield>
    <subfield code="w">2024-08-12</subfield>
    <subfield code="y">BK</subfield>
  </datafield>
  <datafield tag="952" ind1=" " ind2=" ">
    <subfield code="0">0</subfield>
    <subfield code="1">0</subfield>
    <subfield code="2">ddc</subfield>
    <subfield code="4">0</subfield>
    <subfield code="7">0</subfield>
    <subfield code="8">FIC</subfield>
    <subfield code="a">001</subfield>
    <subfield code="b">001</subfield>
    <subfield code="c">CSS</subfield>
    <subfield code="d">2024-08-12</subfield>
    <subfield code="l">0</subfield>
    <subfield code="o">ORW 823.912 PR6029.R8 </subfield>
    <subfield code="p">2024-1052</subfield>
    <subfield code="r">2024-08-15 10:53:05</subfield>
    <subfield code="t">10</subfield>
    <subfield code="w">2024-08-12</subfield>
    <subfield code="y">BK</subfield>
  </datafield>
  <datafield tag="952" ind1=" " ind2=" ">
    <subfield code="0">0</subfield>
    <subfield code="1">0</subfield>
    <subfield code="2">ddc</subfield>
    <subfield code="4">0</subfield>
    <subfield code="7">0</subfield>
    <subfield code="8">FIC</subfield>
    <subfield code="a">001</subfield>
    <subfield code="b">001</subfield>
    <subfield code="c">CSS</subfield>
    <subfield code="d">2024-08-12</subfield>
    <subfield code="l">0</subfield>
    <subfield code="o">ORW 823.912 PR6029.R8 </subfield>
    <subfield code="p">2024-1053</subfield>
    <subfield code="r">2024-08-15 10:53:23</subfield>
    <subfield code="t">11</subfield>
    <subfield code="w">2024-08-12</subfield>
    <subfield code="y">BK</subfield>
  </datafield>
  <datafield tag="952" ind1=" " ind2=" ">
    <subfield code="0">0</subfield>
    <subfield code="1">0</subfield>
    <subfield code="2">ddc</subfield>
    <subfield code="4">0</subfield>
    <subfield code="7">0</subfield>
    <subfield code="8">FIC</subfield>
    <subfield code="a">001</subfield>
    <subfield code="b">001</subfield>
    <subfield code="c">CSS</subfield>
    <subfield code="d">2024-08-12</subfield>
    <subfield code="l">0</subfield>
    <subfield code="o">ORW 823.912 PR6029.R8 </subfield>
    <subfield code="p">2024-1054</subfield>
    <subfield code="r">2024-08-15 10:53:37</subfield>
    <subfield code="t">12</subfield>
    <subfield code="w">2024-08-12</subfield>
    <subfield code="y">BK</subfield>
  </datafield>
  <datafield tag="952" ind1=" " ind2=" ">
    <subfield code="0">0</subfield>
    <subfield code="1">0</subfield>
    <subfield code="2">ddc</subfield>
    <subfield code="4">0</subfield>
    <subfield code="7">0</subfield>
    <subfield code="8">FIC</subfield>
    <subfield code="a">001</subfield>
    <subfield code="b">001</subfield>
    <subfield code="c">CSS</subfield>
    <subfield code="d">2024-08-12</subfield>
    <subfield code="l">0</subfield>
    <subfield code="o">ORW 823.912 PR6029.R8 </subfield>
    <subfield code="p">2024-1055</subfield>
    <subfield code="r">2024-08-15 10:53:45</subfield>
    <subfield code="t">13</subfield>
    <subfield code="w">2024-08-12</subfield>
    <subfield code="y">BK</subfield>
  </datafield>
  <datafield tag="952" ind1=" " ind2=" ">
    <subfield code="0">0</subfield>
    <subfield code="1">0</subfield>
    <subfield code="2">ddc</subfield>
    <subfield code="4">0</subfield>
    <subfield code="7">0</subfield>
    <subfield code="8">FIC</subfield>
    <subfield code="a">001</subfield>
    <subfield code="b">001</subfield>
    <subfield code="c">CSS</subfield>
    <subfield code="d">2024-08-12</subfield>
    <subfield code="l">0</subfield>
    <subfield code="o">ORW 823.912 PR6029.R8 </subfield>
    <subfield code="p">2024-1056</subfield>
    <subfield code="r">2024-08-15 10:53:55</subfield>
    <subfield code="t">14</subfield>
    <subfield code="w">2024-08-12</subfield>
    <subfield code="y">BK</subfield>
  </datafield>
  <datafield tag="952" ind1=" " ind2=" ">
    <subfield code="0">0</subfield>
    <subfield code="1">0</subfield>
    <subfield code="2">ddc</subfield>
    <subfield code="4">0</subfield>
    <subfield code="7">0</subfield>
    <subfield code="8">FIC</subfield>
    <subfield code="a">001</subfield>
    <subfield code="b">001</subfield>
    <subfield code="c">CSS</subfield>
    <subfield code="d">2024-08-12</subfield>
    <subfield code="l">0</subfield>
    <subfield code="o">ORW 823.912 PR6029.R8 </subfield>
    <subfield code="p">2024-1057</subfield>
    <subfield code="r">2024-08-15 10:54:06</subfield>
    <subfield code="t">15</subfield>
    <subfield code="w">2024-08-12</subfield>
    <subfield code="y">BK</subfield>
  </datafield>
  <datafield tag="952" ind1=" " ind2=" ">
    <subfield code="0">0</subfield>
    <subfield code="1">0</subfield>
    <subfield code="2">ddc</subfield>
    <subfield code="4">0</subfield>
    <subfield code="7">0</subfield>
    <subfield code="8">FIC</subfield>
    <subfield code="a">001</subfield>
    <subfield code="b">001</subfield>
    <subfield code="c">CSS</subfield>
    <subfield code="d">2024-08-12</subfield>
    <subfield code="l">1</subfield>
    <subfield code="o">ORW 823.912 PR6029.R8 </subfield>
    <subfield code="p">2024-1058</subfield>
    <subfield code="r">2025-12-16 14:03:50</subfield>
    <subfield code="s">2025-10-28</subfield>
    <subfield code="t">16</subfield>
    <subfield code="w">2024-08-12</subfield>
    <subfield code="y">BK</subfield>
  </datafield>
  <datafield tag="952" ind1=" " ind2=" ">
    <subfield code="0">0</subfield>
    <subfield code="1">0</subfield>
    <subfield code="2">ddc</subfield>
    <subfield code="4">0</subfield>
    <subfield code="7">0</subfield>
    <subfield code="8">FIC</subfield>
    <subfield code="a">001</subfield>
    <subfield code="b">001</subfield>
    <subfield code="c">CSS</subfield>
    <subfield code="d">2024-08-12</subfield>
    <subfield code="l">0</subfield>
    <subfield code="o">ORW 823.912 PR6029.R8 </subfield>
    <subfield code="p">2024-1059</subfield>
    <subfield code="r">2024-08-15 10:54:27</subfield>
    <subfield code="t">17</subfield>
    <subfield code="w">2024-08-12</subfield>
    <subfield code="y">BK</subfield>
  </datafield>
  <datafield tag="952" ind1=" " ind2=" ">
    <subfield code="0">0</subfield>
    <subfield code="1">0</subfield>
    <subfield code="2">ddc</subfield>
    <subfield code="4">0</subfield>
    <subfield code="7">0</subfield>
    <subfield code="8">FIC</subfield>
    <subfield code="a">001</subfield>
    <subfield code="b">001</subfield>
    <subfield code="c">CSS</subfield>
    <subfield code="d">2024-08-12</subfield>
    <subfield code="l">0</subfield>
    <subfield code="o">ORW 823.912 PR6029.R8 </subfield>
    <subfield code="p">2024-1060</subfield>
    <subfield code="r">2024-08-15 10:54:36</subfield>
    <subfield code="t">18</subfield>
    <subfield code="w">2024-08-12</subfield>
    <subfield code="y">BK</subfield>
  </datafield>
  <datafield tag="952" ind1=" " ind2=" ">
    <subfield code="0">0</subfield>
    <subfield code="1">0</subfield>
    <subfield code="2">ddc</subfield>
    <subfield code="4">0</subfield>
    <subfield code="7">0</subfield>
    <subfield code="8">FIC</subfield>
    <subfield code="a">001</subfield>
    <subfield code="b">001</subfield>
    <subfield code="c">CSS</subfield>
    <subfield code="d">2024-08-12</subfield>
    <subfield code="l">0</subfield>
    <subfield code="o">ORW 823.912 PR6029.R8 </subfield>
    <subfield code="p">2024-1061</subfield>
    <subfield code="r">2024-08-15 10:54:47</subfield>
    <subfield code="t">19</subfield>
    <subfield code="w">2024-08-12</subfield>
    <subfield code="y">BK</subfield>
  </datafield>
  <datafield tag="952" ind1=" " ind2=" ">
    <subfield code="0">0</subfield>
    <subfield code="1">0</subfield>
    <subfield code="2">ddc</subfield>
    <subfield code="4">0</subfield>
    <subfield code="7">0</subfield>
    <subfield code="8">FIC</subfield>
    <subfield code="a">001</subfield>
    <subfield code="b">001</subfield>
    <subfield code="c">CSS</subfield>
    <subfield code="d">2024-08-12</subfield>
    <subfield code="l">0</subfield>
    <subfield code="o">ORW 823.912 PR6029.R8 </subfield>
    <subfield code="p">2024-1062</subfield>
    <subfield code="r">2024-08-15 10:54:57</subfield>
    <subfield code="t">20</subfield>
    <subfield code="w">2024-08-12</subfield>
    <subfield code="y">BK</subfield>
  </datafield>
  <datafield tag="952" ind1=" " ind2=" ">
    <subfield code="0">0</subfield>
    <subfield code="1">0</subfield>
    <subfield code="2">ddc</subfield>
    <subfield code="4">0</subfield>
    <subfield code="7">0</subfield>
    <subfield code="8">FIC</subfield>
    <subfield code="a">001</subfield>
    <subfield code="b">001</subfield>
    <subfield code="c">CSS</subfield>
    <subfield code="d">2024-08-12</subfield>
    <subfield code="l">0</subfield>
    <subfield code="o">ORW 823.912 PR6029.R8 </subfield>
    <subfield code="p">2024-1063</subfield>
    <subfield code="r">2024-08-15 10:55:06</subfield>
    <subfield code="t">21</subfield>
    <subfield code="w">2024-08-12</subfield>
    <subfield code="y">BK</subfield>
  </datafield>
  <datafield tag="952" ind1=" " ind2=" ">
    <subfield code="0">0</subfield>
    <subfield code="1">0</subfield>
    <subfield code="2">ddc</subfield>
    <subfield code="4">0</subfield>
    <subfield code="7">0</subfield>
    <subfield code="8">FIC</subfield>
    <subfield code="a">001</subfield>
    <subfield code="b">001</subfield>
    <subfield code="c">CSS</subfield>
    <subfield code="d">2024-08-12</subfield>
    <subfield code="l">0</subfield>
    <subfield code="o">ORW 823.912 PR6029.R8 </subfield>
    <subfield code="p">2024-1064</subfield>
    <subfield code="r">2024-08-15 10:55:14</subfield>
    <subfield code="t">22</subfield>
    <subfield code="w">2024-08-12</subfield>
    <subfield code="y">BK</subfield>
  </datafield>
  <datafield tag="952" ind1=" " ind2=" ">
    <subfield code="0">0</subfield>
    <subfield code="1">0</subfield>
    <subfield code="2">ddc</subfield>
    <subfield code="4">0</subfield>
    <subfield code="7">0</subfield>
    <subfield code="8">FIC</subfield>
    <subfield code="a">001</subfield>
    <subfield code="b">001</subfield>
    <subfield code="c">CSS</subfield>
    <subfield code="d">2024-08-12</subfield>
    <subfield code="l">0</subfield>
    <subfield code="o">ORW 823.912 PR6029.R8 </subfield>
    <subfield code="p">2024-1065</subfield>
    <subfield code="r">2024-08-15 10:55:23</subfield>
    <subfield code="t">23</subfield>
    <subfield code="w">2024-08-12</subfield>
    <subfield code="y">BK</subfield>
  </datafield>
  <datafield tag="952" ind1=" " ind2=" ">
    <subfield code="0">0</subfield>
    <subfield code="1">0</subfield>
    <subfield code="2">ddc</subfield>
    <subfield code="4">0</subfield>
    <subfield code="7">0</subfield>
    <subfield code="8">FIC</subfield>
    <subfield code="a">001</subfield>
    <subfield code="b">001</subfield>
    <subfield code="c">CSS</subfield>
    <subfield code="d">2024-08-12</subfield>
    <subfield code="l">0</subfield>
    <subfield code="o">ORW 823.912 PR6029.R8 </subfield>
    <subfield code="p">2024-1066</subfield>
    <subfield code="r">2024-08-15 10:55:32</subfield>
    <subfield code="t">24</subfield>
    <subfield code="w">2024-08-12</subfield>
    <subfield code="y">BK</subfield>
  </datafield>
  <datafield tag="952" ind1=" " ind2=" ">
    <subfield code="0">0</subfield>
    <subfield code="1">0</subfield>
    <subfield code="2">ddc</subfield>
    <subfield code="4">0</subfield>
    <subfield code="7">0</subfield>
    <subfield code="8">FIC</subfield>
    <subfield code="a">001</subfield>
    <subfield code="b">001</subfield>
    <subfield code="c">CSS</subfield>
    <subfield code="d">2024-08-12</subfield>
    <subfield code="l">0</subfield>
    <subfield code="o">ORW 823.912 PR6029.R8 </subfield>
    <subfield code="p">2024-1067</subfield>
    <subfield code="r">2024-08-15 10:55:43</subfield>
    <subfield code="t">25</subfield>
    <subfield code="w">2024-08-12</subfield>
    <subfield code="y">BK</subfield>
  </datafield>
  <datafield tag="952" ind1=" " ind2=" ">
    <subfield code="0">0</subfield>
    <subfield code="1">0</subfield>
    <subfield code="2">ddc</subfield>
    <subfield code="4">0</subfield>
    <subfield code="7">0</subfield>
    <subfield code="8">FIC</subfield>
    <subfield code="a">001</subfield>
    <subfield code="b">001</subfield>
    <subfield code="c">CSS</subfield>
    <subfield code="d">2024-08-12</subfield>
    <subfield code="l">0</subfield>
    <subfield code="o">ORW 823.912 PR6029.R8 </subfield>
    <subfield code="p">2024-1068</subfield>
    <subfield code="r">2024-08-15 10:55:55</subfield>
    <subfield code="t">26</subfield>
    <subfield code="w">2024-08-12</subfield>
    <subfield code="y">BK</subfield>
  </datafield>
  <datafield tag="952" ind1=" " ind2=" ">
    <subfield code="0">0</subfield>
    <subfield code="1">0</subfield>
    <subfield code="2">ddc</subfield>
    <subfield code="4">0</subfield>
    <subfield code="7">0</subfield>
    <subfield code="8">FIC</subfield>
    <subfield code="a">002</subfield>
    <subfield code="b">002</subfield>
    <subfield code="c">SCBTTP</subfield>
    <subfield code="d">2024-08-20</subfield>
    <subfield code="l">1</subfield>
    <subfield code="o">ORW 823.912 PR6029.R8 </subfield>
    <subfield code="p">2024-1476</subfield>
    <subfield code="r">2026-01-28 10:25:58</subfield>
    <subfield code="s">2026-01-06</subfield>
    <subfield code="t">27.1</subfield>
    <subfield code="w">2024-08-20</subfield>
    <subfield code="y">BK</subfield>
  </datafield>
  <datafield tag="952" ind1=" " ind2=" ">
    <subfield code="0">0</subfield>
    <subfield code="1">0</subfield>
    <subfield code="2">ddc</subfield>
    <subfield code="4">0</subfield>
    <subfield code="7">0</subfield>
    <subfield code="8">FIC</subfield>
    <subfield code="a">002</subfield>
    <subfield code="b">001</subfield>
    <subfield code="c">SCBTTP</subfield>
    <subfield code="d">2024-08-20</subfield>
    <subfield code="l">1</subfield>
    <subfield code="o">ORW 823.912 PR6029.R8 </subfield>
    <subfield code="p">2024-1477</subfield>
    <subfield code="r">2026-02-04 11:00:38</subfield>
    <subfield code="s">2026-01-08</subfield>
    <subfield code="t">28.2</subfield>
    <subfield code="w">2024-08-20</subfield>
    <subfield code="y">BK</subfield>
  </datafield>
  <datafield tag="952" ind1=" " ind2=" ">
    <subfield code="0">0</subfield>
    <subfield code="1">0</subfield>
    <subfield code="2">ddc</subfield>
    <subfield code="4">0</subfield>
    <subfield code="7">0</subfield>
    <subfield code="8">FIC</subfield>
    <subfield code="a">002</subfield>
    <subfield code="b">001</subfield>
    <subfield code="c">SCBTTP</subfield>
    <subfield code="d">2024-08-20</subfield>
    <subfield code="l">1</subfield>
    <subfield code="o">ORW 823.912 PR6029.R8 </subfield>
    <subfield code="p">2024-1478</subfield>
    <subfield code="r">2026-02-27 11:30:50</subfield>
    <subfield code="s">2026-01-06</subfield>
    <subfield code="t">29.3</subfield>
    <subfield code="w">2024-08-20</subfield>
    <subfield code="y">BK</subfield>
  </datafield>
  <datafield tag="952" ind1=" " ind2=" ">
    <subfield code="0">0</subfield>
    <subfield code="1">0</subfield>
    <subfield code="2">ddc</subfield>
    <subfield code="4">0</subfield>
    <subfield code="7">0</subfield>
    <subfield code="8">FIC</subfield>
    <subfield code="a">002</subfield>
    <subfield code="b">001</subfield>
    <subfield code="c">SCBTTP</subfield>
    <subfield code="d">2024-08-20</subfield>
    <subfield code="l">2</subfield>
    <subfield code="o">ORW 823.912 PR6029.R8 </subfield>
    <subfield code="p">2024-1479</subfield>
    <subfield code="r">2026-03-11 10:04:30</subfield>
    <subfield code="s">2026-01-06</subfield>
    <subfield code="t">30.4</subfield>
    <subfield code="w">2024-08-20</subfield>
    <subfield code="y">BK</subfield>
  </datafield>
  <datafield tag="952" ind1=" " ind2=" ">
    <subfield code="0">0</subfield>
    <subfield code="1">0</subfield>
    <subfield code="2">ddc</subfield>
    <subfield code="4">0</subfield>
    <subfield code="7">0</subfield>
    <subfield code="8">FIC</subfield>
    <subfield code="a">002</subfield>
    <subfield code="b">002</subfield>
    <subfield code="c">SCBTTP</subfield>
    <subfield code="d">2024-08-20</subfield>
    <subfield code="l">1</subfield>
    <subfield code="o">ORW 823.912 PR6029.R8 </subfield>
    <subfield code="p">2024-1480</subfield>
    <subfield code="r">2026-04-23 08:16:40</subfield>
    <subfield code="s">2026-01-06</subfield>
    <subfield code="t">31.5</subfield>
    <subfield code="w">2024-08-20</subfield>
    <subfield code="y">BK</subfield>
  </datafield>
  <datafield tag="952" ind1=" " ind2=" ">
    <subfield code="0">0</subfield>
    <subfield code="1">0</subfield>
    <subfield code="2">ddc</subfield>
    <subfield code="4">0</subfield>
    <subfield code="7">0</subfield>
    <subfield code="8">FIC</subfield>
    <subfield code="a">002</subfield>
    <subfield code="b">001</subfield>
    <subfield code="c">SCBTTP</subfield>
    <subfield code="d">2024-08-20</subfield>
    <subfield code="l">3</subfield>
    <subfield code="o">ORW 823.912 PR6029.R8 </subfield>
    <subfield code="p">2024-1481</subfield>
    <subfield code="r">2026-04-09 09:13:28</subfield>
    <subfield code="s">2026-03-11</subfield>
    <subfield code="t">32.6</subfield>
    <subfield code="w">2024-08-20</subfield>
    <subfield code="y">BK</subfield>
  </datafield>
  <datafield tag="952" ind1=" " ind2=" ">
    <subfield code="0">0</subfield>
    <subfield code="1">0</subfield>
    <subfield code="2">ddc</subfield>
    <subfield code="4">0</subfield>
    <subfield code="7">0</subfield>
    <subfield code="8">FIC</subfield>
    <subfield code="a">002</subfield>
    <subfield code="b">002</subfield>
    <subfield code="c">SCBTTP</subfield>
    <subfield code="d">2024-08-20</subfield>
    <subfield code="l">1</subfield>
    <subfield code="o">ORW 823.912 PR6029.R8 </subfield>
    <subfield code="p">2024-1482</subfield>
    <subfield code="r">2026-04-23 08:16:04</subfield>
    <subfield code="s">2026-01-08</subfield>
    <subfield code="t">33.7</subfield>
    <subfield code="w">2024-08-20</subfield>
    <subfield code="y">BK</subfield>
  </datafield>
  <datafield tag="952" ind1=" " ind2=" ">
    <subfield code="0">0</subfield>
    <subfield code="1">0</subfield>
    <subfield code="2">ddc</subfield>
    <subfield code="4">0</subfield>
    <subfield code="7">0</subfield>
    <subfield code="8">FIC</subfield>
    <subfield code="a">002</subfield>
    <subfield code="b">002</subfield>
    <subfield code="c">SCBTTP</subfield>
    <subfield code="d">2024-08-20</subfield>
    <subfield code="l">2</subfield>
    <subfield code="o">ORW 823.912 PR6029.R8 </subfield>
    <subfield code="p">2024-1483</subfield>
    <subfield code="r">2026-03-09 09:24:32</subfield>
    <subfield code="s">2026-01-08</subfield>
    <subfield code="t">34.8</subfield>
    <subfield code="w">2024-08-20</subfield>
    <subfield code="y">BK</subfield>
  </datafield>
  <datafield tag="952" ind1=" " ind2=" ">
    <subfield code="0">0</subfield>
    <subfield code="1">0</subfield>
    <subfield code="2">ddc</subfield>
    <subfield code="4">0</subfield>
    <subfield code="7">0</subfield>
    <subfield code="8">FIC</subfield>
    <subfield code="a">002</subfield>
    <subfield code="b">002</subfield>
    <subfield code="c">SCBTTP</subfield>
    <subfield code="d">2024-08-20</subfield>
    <subfield code="l">1</subfield>
    <subfield code="o">ORW 823.912 PR6029.R8 </subfield>
    <subfield code="p">2024-1484</subfield>
    <subfield code="r">2026-01-28 10:24:57</subfield>
    <subfield code="s">2026-01-06</subfield>
    <subfield code="t">35.9</subfield>
    <subfield code="w">2024-08-20</subfield>
    <subfield code="y">BK</subfield>
  </datafield>
  <datafield tag="952" ind1=" " ind2=" ">
    <subfield code="0">0</subfield>
    <subfield code="1">0</subfield>
    <subfield code="2">ddc</subfield>
    <subfield code="4">0</subfield>
    <subfield code="7">0</subfield>
    <subfield code="8">FIC</subfield>
    <subfield code="a">002</subfield>
    <subfield code="b">001</subfield>
    <subfield code="c">SCBTTP</subfield>
    <subfield code="d">2024-08-20</subfield>
    <subfield code="l">1</subfield>
    <subfield code="o">ORW 823.912 PR6029.R8 </subfield>
    <subfield code="p">2024-1485</subfield>
    <subfield code="r">2026-03-11 10:13:11</subfield>
    <subfield code="s">2026-01-06</subfield>
    <subfield code="t">36.10</subfield>
    <subfield code="w">2024-08-20</subfield>
    <subfield code="y">BK</subfield>
  </datafield>
  <datafield tag="952" ind1=" " ind2=" ">
    <subfield code="0">0</subfield>
    <subfield code="1">0</subfield>
    <subfield code="2">ddc</subfield>
    <subfield code="4">0</subfield>
    <subfield code="7">0</subfield>
    <subfield code="8">FIC</subfield>
    <subfield code="a">002</subfield>
    <subfield code="b">001</subfield>
    <subfield code="c">SCBTTP</subfield>
    <subfield code="d">2024-08-20</subfield>
    <subfield code="l">1</subfield>
    <subfield code="o">ORW 823.912 PR6029.R8 </subfield>
    <subfield code="p">2024-1486</subfield>
    <subfield code="r">2026-02-25 11:30:45</subfield>
    <subfield code="s">2026-01-06</subfield>
    <subfield code="t">37.11</subfield>
    <subfield code="w">2024-08-20</subfield>
    <subfield code="y">BK</subfield>
  </datafield>
  <datafield tag="952" ind1=" " ind2=" ">
    <subfield code="0">0</subfield>
    <subfield code="1">0</subfield>
    <subfield code="2">ddc</subfield>
    <subfield code="4">0</subfield>
    <subfield code="7">0</subfield>
    <subfield code="8">FIC</subfield>
    <subfield code="a">002</subfield>
    <subfield code="b">002</subfield>
    <subfield code="c">SCBTTP</subfield>
    <subfield code="d">2024-08-20</subfield>
    <subfield code="l">2</subfield>
    <subfield code="o">ORW 823.912 PR6029.R8 </subfield>
    <subfield code="p">2024-1487</subfield>
    <subfield code="r">2026-03-25 10:10:12</subfield>
    <subfield code="s">2026-03-11</subfield>
    <subfield code="t">38.12</subfield>
    <subfield code="w">2024-08-20</subfield>
    <subfield code="y">BK</subfield>
  </datafield>
  <datafield tag="952" ind1=" " ind2=" ">
    <subfield code="0">0</subfield>
    <subfield code="1">0</subfield>
    <subfield code="2">ddc</subfield>
    <subfield code="4">0</subfield>
    <subfield code="7">0</subfield>
    <subfield code="8">FIC</subfield>
    <subfield code="a">002</subfield>
    <subfield code="b">001</subfield>
    <subfield code="c">SCBTTP</subfield>
    <subfield code="d">2024-08-20</subfield>
    <subfield code="l">1</subfield>
    <subfield code="o">ORW 823.912 PR6029.R8 </subfield>
    <subfield code="p">2024-1488</subfield>
    <subfield code="r">2026-04-09 09:13:37</subfield>
    <subfield code="s">2026-01-06</subfield>
    <subfield code="t">39.13</subfield>
    <subfield code="w">2024-08-20</subfield>
    <subfield code="y">BK</subfield>
  </datafield>
  <datafield tag="952" ind1=" " ind2=" ">
    <subfield code="0">0</subfield>
    <subfield code="1">0</subfield>
    <subfield code="2">ddc</subfield>
    <subfield code="4">0</subfield>
    <subfield code="7">0</subfield>
    <subfield code="8">FIC</subfield>
    <subfield code="a">002</subfield>
    <subfield code="b">002</subfield>
    <subfield code="c">SCBTTP</subfield>
    <subfield code="d">2024-08-20</subfield>
    <subfield code="l">1</subfield>
    <subfield code="o">ORW 823.912 PR6029.R8 </subfield>
    <subfield code="p">2024-1489</subfield>
    <subfield code="r">2026-01-14 10:45:06</subfield>
    <subfield code="s">2026-01-06</subfield>
    <subfield code="t">40.14</subfield>
    <subfield code="w">2024-08-20</subfield>
    <subfield code="y">BK</subfield>
  </datafield>
  <datafield tag="952" ind1=" " ind2=" ">
    <subfield code="0">0</subfield>
    <subfield code="1">0</subfield>
    <subfield code="2">ddc</subfield>
    <subfield code="4">0</subfield>
    <subfield code="7">0</subfield>
    <subfield code="8">FIC</subfield>
    <subfield code="a">002</subfield>
    <subfield code="b">002</subfield>
    <subfield code="c">SCBTTP</subfield>
    <subfield code="d">2024-08-20</subfield>
    <subfield code="l">1</subfield>
    <subfield code="o">ORW 823.912 PR6029.R8 </subfield>
    <subfield code="p">2024-1490</subfield>
    <subfield code="r">2026-01-28 10:25:50</subfield>
    <subfield code="s">2026-01-06</subfield>
    <subfield code="t">41.15</subfield>
    <subfield code="w">2024-08-20</subfield>
    <subfield code="y">BK</subfield>
  </datafield>
  <datafield tag="952" ind1=" " ind2=" ">
    <subfield code="0">0</subfield>
    <subfield code="1">0</subfield>
    <subfield code="2">ddc</subfield>
    <subfield code="4">0</subfield>
    <subfield code="7">0</subfield>
    <subfield code="8">FIC</subfield>
    <subfield code="a">002</subfield>
    <subfield code="b">002</subfield>
    <subfield code="c">SCBTTP</subfield>
    <subfield code="d">2024-08-20</subfield>
    <subfield code="l">1</subfield>
    <subfield code="o">ORW 823.912 PR6029.R8 </subfield>
    <subfield code="p">2024-1491</subfield>
    <subfield code="r">2026-02-11 10:49:47</subfield>
    <subfield code="s">2026-01-06</subfield>
    <subfield code="t">42.16</subfield>
    <subfield code="w">2024-08-20</subfield>
    <subfield code="y">BK</subfield>
  </datafield>
  <datafield tag="952" ind1=" " ind2=" ">
    <subfield code="0">0</subfield>
    <subfield code="1">0</subfield>
    <subfield code="2">ddc</subfield>
    <subfield code="4">0</subfield>
    <subfield code="7">0</subfield>
    <subfield code="8">FIC</subfield>
    <subfield code="a">002</subfield>
    <subfield code="b">001</subfield>
    <subfield code="c">SCBTTP</subfield>
    <subfield code="d">2024-08-20</subfield>
    <subfield code="l">2</subfield>
    <subfield code="o">ORW 823.912 PR6029.R8 </subfield>
    <subfield code="p">2024-1492</subfield>
    <subfield code="r">2026-02-25 11:30:51</subfield>
    <subfield code="s">2026-01-08</subfield>
    <subfield code="t">43.17</subfield>
    <subfield code="w">2024-08-20</subfield>
    <subfield code="y">BK</subfield>
  </datafield>
  <datafield tag="952" ind1=" " ind2=" ">
    <subfield code="0">0</subfield>
    <subfield code="1">0</subfield>
    <subfield code="2">ddc</subfield>
    <subfield code="4">0</subfield>
    <subfield code="7">0</subfield>
    <subfield code="8">FIC</subfield>
    <subfield code="a">002</subfield>
    <subfield code="b">002</subfield>
    <subfield code="c">SCBTTP</subfield>
    <subfield code="d">2024-08-20</subfield>
    <subfield code="l">2</subfield>
    <subfield code="o">ORW 823.912 PR6029.R8 </subfield>
    <subfield code="p">2024-1493</subfield>
    <subfield code="r">2026-02-05 13:58:23</subfield>
    <subfield code="s">2026-01-28</subfield>
    <subfield code="t">44.18</subfield>
    <subfield code="w">2024-08-20</subfield>
    <subfield code="y">BK</subfield>
  </datafield>
  <datafield tag="952" ind1=" " ind2=" ">
    <subfield code="0">0</subfield>
    <subfield code="1">0</subfield>
    <subfield code="2">ddc</subfield>
    <subfield code="4">0</subfield>
    <subfield code="7">0</subfield>
    <subfield code="8">FIC</subfield>
    <subfield code="a">002</subfield>
    <subfield code="b">001</subfield>
    <subfield code="c">SCBTTP</subfield>
    <subfield code="d">2024-08-20</subfield>
    <subfield code="l">1</subfield>
    <subfield code="o">ORW 823.912 PR6029.R8 </subfield>
    <subfield code="p">2024-1494</subfield>
    <subfield code="r">2026-01-14 10:04:01</subfield>
    <subfield code="s">2026-01-08</subfield>
    <subfield code="t">45.19</subfield>
    <subfield code="w">2024-08-20</subfield>
    <subfield code="y">BK</subfield>
  </datafield>
  <datafield tag="952" ind1=" " ind2=" ">
    <subfield code="0">0</subfield>
    <subfield code="1">0</subfield>
    <subfield code="2">ddc</subfield>
    <subfield code="4">0</subfield>
    <subfield code="7">0</subfield>
    <subfield code="8">FIC</subfield>
    <subfield code="a">002</subfield>
    <subfield code="b">002</subfield>
    <subfield code="c">SCBTTP</subfield>
    <subfield code="d">2024-08-20</subfield>
    <subfield code="l">2</subfield>
    <subfield code="o">ORW 823.912 PR6029.R8 </subfield>
    <subfield code="p">2024-1495</subfield>
    <subfield code="r">2026-04-23 08:16:17</subfield>
    <subfield code="s">2026-02-11</subfield>
    <subfield code="t">46.20</subfield>
    <subfield code="w">2024-08-20</subfield>
    <subfield code="y">BK</subfield>
  </datafield>
  <datafield tag="952" ind1=" " ind2=" ">
    <subfield code="0">0</subfield>
    <subfield code="1">0</subfield>
    <subfield code="2">ddc</subfield>
    <subfield code="4">0</subfield>
    <subfield code="7">0</subfield>
    <subfield code="8">FIC</subfield>
    <subfield code="a">002</subfield>
    <subfield code="b">001</subfield>
    <subfield code="c">SCBTTP</subfield>
    <subfield code="d">2024-08-20</subfield>
    <subfield code="l">1</subfield>
    <subfield code="o">ORW 823.912 PR6029.R8 </subfield>
    <subfield code="p">2024-1496</subfield>
    <subfield code="r">2026-03-31 13:34:03</subfield>
    <subfield code="s">2026-01-06</subfield>
    <subfield code="t">47.21</subfield>
    <subfield code="w">2024-08-20</subfield>
    <subfield code="y">BK</subfield>
  </datafield>
  <datafield tag="952" ind1=" " ind2=" ">
    <subfield code="0">0</subfield>
    <subfield code="1">0</subfield>
    <subfield code="2">ddc</subfield>
    <subfield code="4">0</subfield>
    <subfield code="7">0</subfield>
    <subfield code="8">FIC</subfield>
    <subfield code="a">002</subfield>
    <subfield code="b">002</subfield>
    <subfield code="c">SCBTTP</subfield>
    <subfield code="d">2024-08-20</subfield>
    <subfield code="l">1</subfield>
    <subfield code="o">ORW 823.912 PR6029.R8 </subfield>
    <subfield code="p">2024-1497</subfield>
    <subfield code="r">2026-01-28 10:25:01</subfield>
    <subfield code="s">2026-01-06</subfield>
    <subfield code="t">48.22</subfield>
    <subfield code="w">2024-08-20</subfield>
    <subfield code="y">BK</subfield>
  </datafield>
  <datafield tag="952" ind1=" " ind2=" ">
    <subfield code="0">0</subfield>
    <subfield code="1">0</subfield>
    <subfield code="2">ddc</subfield>
    <subfield code="4">0</subfield>
    <subfield code="7">0</subfield>
    <subfield code="8">FIC</subfield>
    <subfield code="a">002</subfield>
    <subfield code="b">002</subfield>
    <subfield code="c">SCBTTP</subfield>
    <subfield code="d">2024-08-20</subfield>
    <subfield code="l">1</subfield>
    <subfield code="o">ORW 823.912 PR6029.R8 </subfield>
    <subfield code="p">2024-1498</subfield>
    <subfield code="r">2026-04-23 08:16:09</subfield>
    <subfield code="s">2026-01-06</subfield>
    <subfield code="t">49.23</subfield>
    <subfield code="w">2024-08-20</subfield>
    <subfield code="y">BK</subfield>
  </datafield>
  <datafield tag="952" ind1=" " ind2=" ">
    <subfield code="0">0</subfield>
    <subfield code="1">0</subfield>
    <subfield code="2">ddc</subfield>
    <subfield code="4">0</subfield>
    <subfield code="7">0</subfield>
    <subfield code="8">FIC</subfield>
    <subfield code="a">002</subfield>
    <subfield code="b">002</subfield>
    <subfield code="c">SCBTTP</subfield>
    <subfield code="d">2024-08-20</subfield>
    <subfield code="l">2</subfield>
    <subfield code="o">ORW 823.912 PR6029.R8 </subfield>
    <subfield code="p">2024-1499</subfield>
    <subfield code="r">2026-01-28 10:29:33</subfield>
    <subfield code="s">2026-01-06</subfield>
    <subfield code="t">50.24</subfield>
    <subfield code="w">2024-08-20</subfield>
    <subfield code="y">BK</subfield>
  </datafield>
  <datafield tag="952" ind1=" " ind2=" ">
    <subfield code="0">0</subfield>
    <subfield code="1">0</subfield>
    <subfield code="2">ddc</subfield>
    <subfield code="4">0</subfield>
    <subfield code="7">0</subfield>
    <subfield code="8">FIC</subfield>
    <subfield code="a">002</subfield>
    <subfield code="b">001</subfield>
    <subfield code="c">SCBTTP</subfield>
    <subfield code="d">2024-08-20</subfield>
    <subfield code="l">2</subfield>
    <subfield code="o">ORW 823.912 PR6029.R8 </subfield>
    <subfield code="p">2024-1500</subfield>
    <subfield code="r">2026-03-18 10:50:29</subfield>
    <subfield code="s">2026-02-11</subfield>
    <subfield code="t">51.25</subfield>
    <subfield code="w">2024-08-20</subfield>
    <subfield code="y">BK</subfield>
  </datafield>
  <datafield tag="952" ind1=" " ind2=" ">
    <subfield code="0">0</subfield>
    <subfield code="1">0</subfield>
    <subfield code="2">ddc</subfield>
    <subfield code="4">0</subfield>
    <subfield code="7">0</subfield>
    <subfield code="8">FIC</subfield>
    <subfield code="a">002</subfield>
    <subfield code="b">001</subfield>
    <subfield code="c">SCBTTP</subfield>
    <subfield code="d">2024-08-20</subfield>
    <subfield code="l">1</subfield>
    <subfield code="o">ORW 823.912 PR6029.R8 </subfield>
    <subfield code="p">2024-1501</subfield>
    <subfield code="r">2026-03-11 10:13:07</subfield>
    <subfield code="s">2026-01-06</subfield>
    <subfield code="t">52.26</subfield>
    <subfield code="w">2024-08-20</subfield>
    <subfield code="y">BK</subfield>
  </datafield>
  <datafield tag="952" ind1=" " ind2=" ">
    <subfield code="0">0</subfield>
    <subfield code="1">0</subfield>
    <subfield code="2">ddc</subfield>
    <subfield code="4">0</subfield>
    <subfield code="7">0</subfield>
    <subfield code="8">FIC</subfield>
    <subfield code="a">002</subfield>
    <subfield code="b">001</subfield>
    <subfield code="c">SCBTTP</subfield>
    <subfield code="d">2025-04-23</subfield>
    <subfield code="l">1</subfield>
    <subfield code="o">ORW 823.912 PR6029.R8 </subfield>
    <subfield code="p">2025-1103</subfield>
    <subfield code="r">2026-03-18 10:51:06</subfield>
    <subfield code="s">2026-01-08</subfield>
    <subfield code="t">53 (Big Book )</subfield>
    <subfield code="w">2025-04-23</subfield>
    <subfield code="y">BK</subfield>
  </datafield>
</record>
